000 00357nam a22001217a 4500
082 _a923.1
_bRAB
100 _aKamal, Air Cdre Kamal
_951525
245 _aUntold tales of Pakistan Air Force
_bA glimpse of life in the PAF
260 _aIslamabad,
_bPAF Book Club,
_c2000.
300 _av,281p.
526 _a0
_b0
_c0
_d923_100000000000000_RAB
942 _2ddc
_cBK
999 _c554208
_d554208